How a seed grows / (Record no. 1222)

MARC details
000 -LEADER
fixed length control field 01027pam a2200301 a 4500
005 - DATE AND TIME OF LATEST TRANSACTION
control field 20250805084734.0
020 ## - INTERNATIONAL STANDARD BOOK NUMBER
International Standard Book Number 0064451070 (pbk.) :
Terms of availability $4.50 ($5.95 Can.)
040 ## - CATALOGING SOURCE
Original cataloging agency DLC
Transcribing agency DLC
Modifying agency DLC
050 00 - LIBRARY OF CONGRESS CALL NUMBER
Classification number QK740
Item number .J67 1992
082 00 - DEWEY DECIMAL CLASSIFICATION NUMBER
Classification number 582/.0166
Edition number 20
100 1# - MAIN ENTRY--PERSONAL NAME
Personal name Jordan, Helene J.
Fuller form of name (Helene Jamieson)
245 10 - TITLE STATEMENT
Title How a seed grows /
Statement of responsibility, etc. by Helene J. Jordan ; illustrated by Loretta Krupinski.
250 ## - EDITION STATEMENT
Edition statement Rev. ed.
260 ## - PUBLICATION, DISTRIBUTION, ETC.
Place of publication, distribution, etc. New York :
Name of publisher, distributor, etc. HarperTrophy,
Date of publication, distribution, etc. 1992.
300 ## - PHYSICAL DESCRIPTION
Extent 31 pages :
Other physical details color illustrations ;
Dimensions 21 x 25 cm.
490 0# - SERIES STATEMENT
Series statement A Let's-read-and-find-out book
505 ## - FORMATTED CONTENTS NOTE
Formatted contents note H
520 ## - SUMMARY, ETC.
Summary, etc. Uses observations of bean seeds planted in eggshells to demonstrate the growth of seeds into plants.
521 ## - TARGET AUDIENCE NOTE
Target audience note 470 <br/>
Source Lexile AD
521 ## - TARGET AUDIENCE NOTE
Target audience note H <br/>
Source Raz-Plus
650 #0 - SUBJECT ADDED ENTRY--TOPICAL TERM
Topical term or geographic name entry element Germination
General subdivision Juvenile literature.
650 #0 - SUBJECT ADDED ENTRY--TOPICAL TERM
Topical term or geographic name entry element Seeds
General subdivision Juvenile literature.
650 #1 - SUBJECT ADDED ENTRY--TOPICAL TERM
Topical term or geographic name entry element Seeds.
700 1# - ADDED ENTRY--PERSONAL NAME
Personal name Krupinski, Loretta,
Relator term illustrator
906 ## - LOCAL DATA ELEMENT F, LDF (RLIN)
a 7
b cbc
c orignew
d 1
e ocip
f 19
g y-gencatlg
942 ## - ADDED ENTRY ELEMENTS (KOHA)
Source of classification or shelving scheme Library of Congress Classification
Koha item type Books
Suppress in OPAC No
999 ## -
-- 1222
-- 1222
Holdings
Withdrawn status Lost status Source of classification or shelving scheme Damaged status Not for loan Collection Home library Current library Shelving location Date acquired Total Checkouts Full call number Barcode Date last seen Date last checked out Price effective from Koha item type Copy number
    Library of Congress Classification     Non-Fiction Footprints International School Library Network Toul Kork Campus Footprints International School Library Network Toul Kork Campus TK Primary Library Room(4th Floor), Bookcase 1&2, Shelves 1-16, Dark Blue Books 08/08/2023 5 JOR 582.0166 QK740.J67 FISTK01624 03/05/2025 02/26/2025 08/08/2023 Books  
    Library of Congress Classification     Non-Fiction Footprints International School Library Network Toul Tom Poung Campus Footprints International School Library Network Toul Tom Poung Campus TTP Primary Dark Blue Bookshelves 08/05/2025   JOR 582.0166 QK740.J67 FIS01583 08/05/2025   08/05/2025 Books 2